Grenada-Quiz - Statistiken

Allgemein
  • Dieses Quiz wurde 1.318 mal gespielt
  • Das Durchschnittsergebnis liegt bei 10 aus 16
Antwortstatistiken
Frage Antwort % Korrekt
Amtssprachen Englisch
94%
Meer, an welchem Grenada grenzt Karibisches Meer
94%
Land, dessen Truppen 1983 auf der Insel eindringten Vereinigte Staaten
90%
Land, von dem Grenada 1974 unabhängig wurde Vereinigtes Königreich
85%
Land, in welchem sich die Stadt Grenada befindet, nach der die Insel benannt ist Spanien
83%
Festland, das Grenada am nächsten liegt Venezuela
83%
Inselgruppe, zu der Grenada gehört Kleine {Antillen}
80%
Beliebteste Sportart Cricket
71%
Buntes Ereignis, das in Grenada in August stattfindet; nicht vor der Fastenzeit, wie dies in anderen Ländern der Fall ist Karneval
63%
Hauptstadt von Grenada Saint George's
59%
Grenada versorgt weltweit 40% dieses Gewürzes (Anfangsbuchstabe M) Muskatnuss
56%
Fest, das zum Andenken an der Restaurierung der Demokratie und der obigen Invasion gefeiert wird; kein Zusammenhang mit dem gleichnamigen amerikanischen Fest Thanksgiving
48%
Grenada ist in 6 dieser administrativen Regionen unterteilt (Anfangsbuchstabe P) Parish
23%
Gefährdeter Nationalvogel Grenadas Grenada{taube}
14%
Kommunistische Bewegung, die 1979 nach einem gewaltlosen Putsch an der Macht gelangte New {Jewel} Movement
13%
Alternativer Name für das obige Fest {Spice}mas
10%
Keine übereinstimmenden Quizze gefunden
Verteilung der Resultate
Anzahl Personen mit jedem Resultat
Perzentil nach korrekt beantworteten Fragen
Ihre Resultats-Entwicklung
Sie haben dieses Quiz noch nicht gespielt